Cartago colonial: mestizaje y patrones matrimoniales 1738-1821 /

Señala que Cartago fue el centro urbano y político administrativo más importante del período colonial en Costa Rica. Ahondando en el tema del mestizaje las autoras sustentan la tesis de que la exogamia fue una de las razones que permitieron dicho fenómeno demográfico. El trabajo analiza el período d...

Полное описание

Сохранить в:
Библиографические подробности
Главный автор: Acuña León, María de los Angeles
Другие авторы: Chavarría López, Doriam
Формат: Текст
Предметы:
Метки: Добавить метку
Нет меток, Требуется 1-ая метка записи!

MARC

LEADER 00000 a a2200000 04500
001 9554
003
040
100 |a Acuña León, María de los Angeles  
245 |a Cartago colonial:   |b mestizaje y patrones matrimoniales 1738-1821 /  |c María de los Angeles Acuña León 
520 |a Señala que Cartago fue el centro urbano y político administrativo más importante del período colonial en Costa Rica. Ahondando en el tema del mestizaje las autoras sustentan la tesis de que la exogamia fue una de las razones que permitieron dicho fenómeno demográfico. El trabajo analiza el período de 1738-1821 y se sustentó principalmente en el análisis de actas de matrimonio de la Parroquia de la ciudad de Cartago para el período señalado. Se utilizaron siete libros de matrimonios en donde se registran un total de 4.576 actas. Con dicha información fue posible determinar los patrones de matrimonio entre los diferentes grupos étnicos de la ciudad y comprobar cómo en las relaciones entre etnias se genera el mestizaje entre mulatos, españoles pobres, mestizos e indios urbanizados, proceso que dio como resultado el blanqueamiento de las castas y la consolidación de una sociedad sobre bases mixtas. El proceso de mestizaje en buena medida se explica por el afán de diversos grupos étnicos de contraer matrimonio con miembros de castas superiores, en su deseo de ascenso social. OB/LOB  
650 |a EPOCA COLONIAL  
650 |a RELACIONES ENTRE LOS GRUPOS  
650 |a AMERINDIOS  
650 |a MESTIZOS  
650 |a CRECIMIENTO DEMOGRAFICO  
650 |a MATRIMONIO  
650 |a CRECIMIENTO DEMOGRAFICO  
650 |a MESTIZOS  
700 |a Chavarría López, Doriam  
773 |g volumen 17, número 31, Espe; páginas 157-179  
999 |c 38928  |d 38928